000 00930nam a2200241Ia 4500
003 GCL
008 140319s9999 xx 000 0 ara d
020 _a9030437977
040 _aGCL /
_cGCL
082 0 4 _a792.028
_bف م
100 1 _aفيرال، جوزيت
245 1 0 _aمدرسة الاداء التمثيلى :
_bأعمال المؤتمر الدولى الكندى حول طرق التدريس المسرحى /
_cفيرال، جوزيت
700 1 _aبريهان عادل
700 1 _aرانيا عادل
700 1 _aسلوى لطفى
260 _aالقاهرة :
_bوزارة الثقافة - مهرجان القاهرة الدولى للمسرح التجريبى ،
_c2006
300 _a526 ص ؛
_c24 سم
650 0 4 _aالاخراج المسرحى
650 0 4 _aالتمثيل فى المسرح
650 0 4 _aالممثلون والممثلات
650 0 4 _aالمسرح - نقد
942 _2ddc
_cBK
999 _c9083
_d9083